<?xml version="1.0" encoding="UTF-8"?>
<record
    xmlns:xsi="http://www.w3.org/2001/XMLSchema-instance"
    xsi:schemaLocation="http://www.loc.gov/MARC21/slim http://www.loc.gov/standards/marcxml/schema/MARC21slim.xsd"
    xmlns="http://www.loc.gov/MARC21/slim">

  <leader>03448nam a2200301 a 4500</leader>
  <controlfield tag="003">OSt</controlfield>
  <controlfield tag="005">20251106132746.0</controlfield>
  <controlfield tag="007">cr ||||||a|c|a</controlfield>
  <controlfield tag="008">230526s2020    mx ||||fom||| 001 0 s   d</controlfield>
  <datafield tag="040" ind1=" " ind2=" ">
    <subfield code="e">rda</subfield>
  </datafield>
  <datafield tag="100" ind1="1" ind2=" ">
    <subfield code="9">187229</subfield>
    <subfield code="a">Romero D&#xED;az, Claudio</subfield>
  </datafield>
  <datafield tag="245" ind1="1" ind2="0">
    <subfield code="a">Sistemas agroforestales de caf&#xE9; y su relaci&#xF3;n con aves insect&#xED;voras de dos estratos verticales en un bosque mes&#xF3;filo de monta&#xF1;a /</subfield>
    <subfield code="c">Por Claudio Romero D&#xED;az; director de tesis Rosa Mar&#xED;a Garc&#xED;a N&#xFA;&#xF1;ez</subfield>
  </datafield>
  <datafield tag="264" ind1=" " ind2="1">
    <subfield code="a">Chapingo, M&#xE9;xico :</subfield>
    <subfield code="b">El autor,</subfield>
    <subfield code="c">2020.</subfield>
  </datafield>
  <datafield tag="300" ind1=" " ind2=" ">
    <subfield code="a">1 recurso en l&#xED;nea (126 p&#xE1;ginas):</subfield>
    <subfield code="b">Cuadros figuras y tablas.</subfield>
  </datafield>
  <datafield tag="336" ind1=" " ind2=" ">
    <subfield code="2">rdacontent</subfield>
    <subfield code="a">texto</subfield>
    <subfield code="b">txt</subfield>
  </datafield>
  <datafield tag="337" ind1=" " ind2=" ">
    <subfield code="2">rdamedia</subfield>
    <subfield code="a">computadora</subfield>
    <subfield code="b">c</subfield>
  </datafield>
  <datafield tag="338" ind1=" " ind2=" ">
    <subfield code="2">rdacarrier</subfield>
    <subfield code="a">recurso en l&#xED;nea</subfield>
    <subfield code="b">cr</subfield>
  </datafield>
  <datafield tag="502" ind1=" " ind2=" ">
    <subfield code="b">MCADS</subfield>
    <subfield code="c">Suelos</subfield>
    <subfield code="d">2020</subfield>
    <subfield code="g">MAE</subfield>
  </datafield>
  <datafield tag="504" ind1=" " ind2=" ">
    <subfield code="a">Incluye referencias bibliogr&#xE1;ficas: p&#xE1;ginas 13-18, 67-72.</subfield>
  </datafield>
  <datafield tag="520" ind1=" " ind2=" ">
    <subfield code="a">Con el objetivo de determinar el papel de los sistemas agroforestales de caf&#xE9; en el sostenimiento tr&#xF3;fico de aves insect&#xED;voras de los estratos verticales, bajo y medio de un Bosque Mes&#xF3;filo de Monta&#xF1;a (BMM), de agosto (2018) a enero (2019) se llev&#xF3; acabo el seguimiento de variables mediante muestreo sistem&#xE1;tico, empleando recuento en puntos conradio fijo, b&#xFA;squeda intensiva, captura con redes de niebla, corte-sacudida de ramas, l&#xED;neas de canfield y cuadros empotrados. Los resultados son presentados en cuatro cap&#xED;tulos: Diversidad y uso de h&#xE1;bitat por aves insect&#xED;voras de sistemas agroforestales en BMM; Comportamiento tr&#xF3;fico de aves insect&#xED;voras en sistemas agroforestales inmersos en BMM; Ecolog&#xED;a tr&#xF3;fica de aves insect&#xED;voras en sistemas agroforestales y bosque mes&#xF3;filo; y Vegetaci&#xF3;n y estructura del h&#xE1;bitat que determina la dieta de aves insect&#xED;voras en sistemas agroforestales. Para el primer cap&#xED;tulo se aplic&#xF3; &#xED;ndice de abundancia relativa (IAR), riqueza (Jacknife1); similitud (Jaccard), diversidad (Shannon-Wiener), kruskal-wallis, X2 y an&#xE1;lisis de componentes principales (ACP). En el segundo se desarroll&#xF3; frecuencia de observaci&#xF3;n (FO), IAR, regresi&#xF3;n poisson (ARP), ACP, kruskal-wallis y X2. Para el tercero se efectu&#xF3; FO, IAR, Jacknife1, Jaccard, Shannon-Wiener, kruskal-wallis, X2, ARP y correspondencia can&#xF3;nica (ACC). En el cuarto se determin&#xF3; FO, IAR, kruskal-wallis, X2, ARP y ACC. Se destaca la importancia de los sistemas agroforestales como nicho de oportunidad en donde la avifauna encuentra alimento y refugio que coadyuvan a su conservaci&#xF3;n. Se evidencia una coexistencia simp&#xE1;trica sin competencia por recurso ni t&#xE9;cnica de cacer&#xED;a empleada exhibiendo simpatr&#xED;a tr&#xF3;fica entre la avifauna registrada. La vegetaci&#xF3;n y estructura del h&#xE1;bitat son factores determinantes en la abundancia de aves, disponen del stock alimenticio que coadyuva a la conservaci&#xF3;n y equilibrio ecol&#xF3;gico de los sistemas agroforestales. Se recomienda mejoramiento del h&#xE1;bitat que disponga de estratos verticales y horizontales estimulando la disponibilidad de nichos de utilizaci&#xF3;n para este grupo taxon&#xF3;mico.</subfield>
  </datafield>
  <datafield tag="650" ind1=" " ind2="4">
    <subfield code="9">133357</subfield>
    <subfield code="a">Caf&#xE9;</subfield>
    <subfield code="x">Sistemas agroforestales</subfield>
  </datafield>
  <datafield tag="650" ind1=" " ind2="4">
    <subfield code="9">187245</subfield>
    <subfield code="a">Aves</subfield>
    <subfield code="x">Identificaci&#xF3;n</subfield>
    <subfield code="z">Veracruz</subfield>
  </datafield>
  <datafield tag="650" ind1=" " ind2="4">
    <subfield code="9">8611</subfield>
    <subfield code="a">Aves</subfield>
    <subfield code="x">H&#xE1;bitos y conducta</subfield>
  </datafield>
  <datafield tag="650" ind1=" " ind2="4">
    <subfield code="9">8610</subfield>
    <subfield code="a">Aves</subfield>
    <subfield code="x">H&#xE1;bitos alimenticios</subfield>
  </datafield>
  <datafield tag="700" ind1="1" ind2=" ">
    <subfield code="9">46382</subfield>
    <subfield code="a">Garc&#xED;a N&#xFA;&#xF1;ez, Rosa Mar&#xED;a</subfield>
    <subfield code="e">director.</subfield>
  </datafield>
  <datafield tag="856" ind1=" " ind2=" ">
    <subfield code="u">http://10.13.5.2/tesis/tm/Romero_Diaz_Claudio.pdf</subfield>
    <subfield code="z">DESCARGAR PDF</subfield>
  </datafield>
  <datafield tag="942" ind1=" " ind2=" ">
    <subfield code="2">Clasificaci&#xF3;n Universidad Aut&#xF3;noma Chapingo</subfield>
    <subfield code="c">TD</subfield>
  </datafield>
  <datafield tag="999" ind1=" " ind2=" ">
    <subfield code="c">218843</subfield>
    <subfield code="d">218843</subfield>
  </datafield>
  <datafield tag="952" ind1=" " ind2=" ">
    <subfield code="0">0</subfield>
    <subfield code="1">0</subfield>
    <subfield code="2">local</subfield>
    <subfield code="4">0</subfield>
    <subfield code="5">1</subfield>
    <subfield code="7">0</subfield>
    <subfield code="8">TesDigM</subfield>
    <subfield code="a">BD</subfield>
    <subfield code="b">BD</subfield>
    <subfield code="c">E_L</subfield>
    <subfield code="d">2023-05-26</subfield>
    <subfield code="l">0</subfield>
    <subfield code="o">Tesis digital</subfield>
    <subfield code="r">2023-05-26 00:00:00</subfield>
    <subfield code="w">2023-05-26</subfield>
    <subfield code="y">TD</subfield>
  </datafield>
</record>
